000 00587nam a2200217 a 4500
001 BRCA_7158
005 20190320205731.0
008 110112s1924----nyu#######---#000-0#eng-#
041 _aeng
044 _anyu
050 4 _aPZ3
_b.W474So 1942
100 1 _aWerfel, Franz
_d1890-1945
_917757
245 1 0 _aThe song of Bernadette
_cFranz Werfel; translated by Ludwig Lewisohn.
260 _aNueva York
_bViking
_c1942
300 _a575 p.
_c21 cm.
500 _aP46
650 1 4 _aLiteratura austrica
_917758
700 1 _aLewisohn, Ludwig
_etr.
_917759
902 _aGFM
942 _2lcc
_cB
999 _c6839
_d6839